000 00758cab a2200229 4500
001 ABS50470
008 090401t1994 xxu||||| |||| 00| 0 eng d
035 _a(Sirsi) u75957
041 _aeng
100 _aCrowder, J
245 _aNice idea, but is it worth it?
260 _c1994
350 _a0
490 _aGIS Europe
_v3(3) April 1994, 14-15(2)
520 _aExamines Digital Equipment Corporation`s "Investment Evaluation Methodology" a process to make cost-benefit analysis of GIS systems using a score and weight concept. Fictitious case study.
650 _aCOST-BENEFIT ANALYSIS
650 _aGIS
650 _aSCORE AND WEIGHT
690 _aMANAGEMENT-BUSINESS MANAGEMENT-INFORMATION MANAGEMENT
942 _n0
948 _c04/03/1997
999 _c47789
_d47789